Văn bản pháp luật về nông nghiệp và phát triển nông thôn
Gardado en:
| Formato: | Libro |
|---|---|
| Idioma: | Undetermined |
| Publicado: |
H.
CTQG
|
| Những chủ đề: | |
| Các nhãn: |
Engadir etiqueta
Sen Etiquetas, Sexa o primeiro en etiquetar este rexistro!
|
| Thư viện lưu trữ: | Trung tâm Học liệu Trường Đại học Cần Thơ |
|---|
| LEADER | 00472nam a2200145Ia 4500 | ||
|---|---|---|---|
| 001 | CTU_53885 | ||
| 008 | 210402s9999 xx 000 0 und d | ||
| 020 | |b 108500 | ||
| 082 | |a 343.597076 | ||
| 082 | |b V115 | ||
| 245 | 0 | |a Văn bản pháp luật về nông nghiệp và phát triển nông thôn | |
| 260 | |a H. | ||
| 260 | |b CTQG | ||
| 650 | |a agricultural laws and legislation,agriculture and state | ||
| 980 | |a Trung tâm Học liệu Trường Đại học Cần Thơ | ||